<?xml version="1.0" encoding="UTF-8"?>
<collection xmlns="http://www.loc.gov/MARC21/slim">
 <record>
  <leader>01282nam a2200217Ia 4500</leader>
  <controlfield tag="001">TDMU_31375</controlfield>
  <controlfield tag="008">210410s9999    xx            000 0 und d</controlfield>
  <datafield tag="082" ind1=" " ind2=" ">
   <subfield code="a">363.7288</subfield>
  </datafield>
  <datafield tag="090" ind1=" " ind2=" ">
   <subfield code="b">NG527</subfield>
  </datafield>
  <datafield tag="100" ind1=" " ind2=" ">
   <subfield code="a">Nguyễn, Thị Hoa</subfield>
  </datafield>
  <datafield tag="245" ind1=" " ind2="0">
   <subfield code="a">Thơ ca dân gian người Hà Nhì ở Lào Cai</subfield>
  </datafield>
  <datafield tag="245" ind1=" " ind2="0">
   <subfield code="c">Nguyễn Thị Hoa</subfield>
  </datafield>
  <datafield tag="260" ind1=" " ind2=" ">
   <subfield code="a">H.</subfield>
  </datafield>
  <datafield tag="260" ind1=" " ind2=" ">
   <subfield code="b">Mỹ Thuật</subfield>
  </datafield>
  <datafield tag="260" ind1=" " ind2=" ">
   <subfield code="c">2017</subfield>
  </datafield>
  <datafield tag="300" ind1=" " ind2=" ">
   <subfield code="a">211 tr.</subfield>
  </datafield>
  <datafield tag="520" ind1=" " ind2=" ">
   <subfield code="a">Khái quát về người Hà Nhì và quá trình nghiên cứu sưu tầm về thơ ca dân gian người Hà Nhì; nhận diện các loại hình thơ ca dân gian người Hà Nhì ở Lào Cai; thơ ca dân gian người Hà Nhì (thơ ca lao động, thơ ca nghi lễ phong tục; thơ ca trữ tình sinh hoạt) gồm cả tiếng Việt và phiên âm tiếng Hà Nhì</subfield>
  </datafield>
  <datafield tag="650" ind1=" " ind2=" ">
   <subfield code="a">Văn hóa dân gian</subfield>
   <subfield code="x">Thơ ca</subfield>
   <subfield code="x">Dân tộc Hà Nhì</subfield>
   <subfield code="z">Việt Nam; Thơ ca</subfield>
   <subfield code="x">Dân tộc Hà Nhì</subfield>
   <subfield code="z">Việt Nam; Dân tộc Hà Nhì</subfield>
   <subfield code="x">Văn hóa</subfield>
   <subfield code="x">Thơ ca</subfield>
  </datafield>
  <datafield tag="700" ind1=" " ind2=" ">
   <subfield code="a">Hội Văn nghệ dân gian Việt Nam</subfield>
  </datafield>
  <datafield tag="856" ind1=" " ind2=" ">
   <subfield code="u">http://lrc.tdmu.edu.vn/opac/search/detail.asp?aID=2&amp;ID=31375</subfield>
  </datafield>
  <datafield tag="980" ind1=" " ind2=" ">
   <subfield code="a">Trung tâm Học liệu Trường Đại học Thủ Dầu Một</subfield>
  </datafield>
 </record>
</collection>
